Parque Nacional Natural Tamá, resumen ejecutivo: (Registro nro. 6683)

Detalles MARC
000 -CABECERA
Campo de control 00794nam a2200217 a 4500
005 - FECHA Y HORA DE LA ULTIMA TRANSACCION
Campo de control 20200104041611.0
008 - ELEMENTOS DE LONGITUD FIJA—INFORMACION GENERAL
Campo de control 140130b2007 ck ||||| |||| 00| 0 spa d
040 ## - FUENTE DE CATALOGACIÓN
Agencia catalogadora original CO-BoIAVH
Agencia transcriptora CO-BoIAVH
041 ## - IDIOMA
Código de idioma para texto/pista de sonido o título separado Español
044 ## - PAÍS DE PUBLICACIÓN
País de publicación Colombia
082 14 - NUMERO DE CLASIFICACION DECIMAL DEWEY
Número de clasificación 333.78316
Número del ítem P25p
110 ## - ASIENTO PRINCIPAL--NOMBRE CORPORATIVO
Nombre corporativo o de jurisdicción como elemento de entrada Parques Nacionales Naturales de Colombia
245 10 - MENCION DE TITULO
Título Parque Nacional Natural Tamá, resumen ejecutivo:
Parte restante del título Plan de Manejo 2005-2009
260 ## - PUBLICACION, DISTRIBUCION, ETC. (PIE DE IMPRENTA)
Lugar de publicación, distribución, etc. Bogotá:
Nombre del editor, distribuidor, etc. Parques Nacionales Naturales,
-- Instituto Alexander von Humboldt;
Fecha de publicación, distribución, etc. 2007.
300 ## - DESCRIPCION FISICA
Extensión 44 páginas
650 #0 - ASIENTO SECUNDARIO DE MATERIA - TERMINO TEMATICO
Término temático o nombre geográfico como elemento de entrada Parques Nacionales Naturales
Subdivisión geográfica Colombia
662 ## - ASIENTO SECUNDARIO DE MATERIA - JERARQUIA DEL NOMBRE DE LUGAR(
País o entidad mayor Colombia
Jurisdicción política intermedia Parque Nacional Natural Tamá
710 2# - ASIENTO SECUNDARIO - NOMBRE CORPORATIVO
Nombre corporativo o de jurisdicción como elemento de entrada Instituto de Investigación de Recursos Biológicos Alexander von Humboldt
942 ## - ELEMENTOS ADICIONALES (KOHA)
Tipo de ítem Libro
Sistema de clasificación Dewey Decimal Classification
945 ## - PROCESAMIENTO LOCAL
AAAA-MM-DD - Fecha de ingreso o modificacion 2008-11-25
Existencias
Withdrawn status Lost status Sistema de Clasificación Damaged status No para préstamo Colección Inventariado Ubicación Permanente Ubicación actual Fecha de adquisición Fuente de Valor Valor Total Checkouts Número topográfico Inventario / Código de Barras Date last seen Ejemplar Price effective from Forma de adquisición Tipo de material
    Dewey Decimal Classification     Humboldt Inventariado 2017 Bogotá Bogotá 25/11/2008 Instituto 30000.00   IAVH-333.78316 P25p 026529 04/12/2012 Ej. 1 04/12/2012 Institucional Libro
    Dewey Decimal Classification     Humboldt Inventariado 2017 Bogotá Bogotá 09/08/2017 Instituto 40000.00   IAVH-333.78316 P25p 039765 09/08/2017 Ej. 3 09/08/2017 Institucional Libro
    Local     Referencia   Villa de Leyva Villa de Leyva 25/11/2008       IAVH-01243 026530 04/12/2012 Ej. 1 04/12/2012   Libro